Creedence Clearwater Revival Discography - Statistics

General Stats
  • This quiz has been taken 20 times
  • The average score is 23 of 65
Answer Stats
Year Album Song % Correct
1969 Willy and the Poor Boys Fortunate Son
100%
1969 Green River Green River
93%
1969 Green River Bad Moon Rising
86%
1970 Pendulum Have You Ever Seen the Rain
86%
1969 Bayou Country Proud Mary
86%
1969 Bayou Country Born on the Bayou
79%
1969 Willy and the Poor Boys Down on the Corner
79%
1969 Willy and the Poor Boys Cotton Fields
71%
1970 Cosmo's Factory Lookin' out My Back Door
71%
1970 Cosmo's Factory Run Through the Jungle
71%
1970 Cosmo's Factory Who'll Stop the Rain
71%
1970 Cosmo's Factory I Heard It Through the Grapevine
64%
1969 Green River Lodi
64%
1970 Cosmo's Factory Travelin' Band
64%
1972 Mardi Gras Sweet Hitch-Hiker
57%
1970 Cosmo's Factory Up Around the Bend
57%
1972 Mardi Gras Someday Never Comes
50%
1969 Willy and the Poor Boys The Midnight Special
50%
1969 Willy and the Poor Boys It Came Out of the Sky
43%
1970 Cosmo's Factory Long as I Can See the Light
43%
1968 Creedence Clearwater Revival Susie Q
43%
1969 Green River Commotion
36%
1969 Willy and the Poor Boys Effigy
36%
1972 Mardi Gras Hello Mary Lou
36%
1970 Pendulum Molina
36%
1970 Cosmo's Factory Ramble Tamble
36%
1969 Green River Wrote a Song for Everyone
36%
1969 Bayou Country Bootleg
29%
1969 Green River Cross-Tie Walker
29%
1970 Pendulum Hey Tonight
29%
1968 Creedence Clearwater Revival I Put a Spell on You
29%
1969 Bayou Country Keep On Chooglin'
29%
1970 Cosmo's Factory Ooby Dooby
29%
1968 Creedence Clearwater Revival Porterville
29%
1970 Cosmo's Factory Before You Accuse Me
21%
1970 Pendulum Chameleon
21%
1969 Willy and the Poor Boys Don't Look Now (It Ain't You or Me)
21%
1969 Willy and the Poor Boys Feelin' Blue
21%
1969 Bayou Country Good Golly, Miss Molly
21%
1972 Mardi Gras Lookin' for a Reason
21%
1968 Creedence Clearwater Revival Ninety-Nine and a Half (Won't Do)
21%
1970 Pendulum Pagan Baby
21%
1969 Bayou Country Penthouse Pauper
21%
1969 Willy and the Poor Boys Poorboy Shuffle
21%
1969 Green River Sinister Purpose
21%
1968 Creedence Clearwater Revival The Working Man
21%
1970 Pendulum (Wish I Could) Hideaway
21%
1972 Mardi Gras Door to Door
14%
1968 Creedence Clearwater Revival Gloomy
14%
1969 Bayou Country Graveyard Train
14%
1970 Cosmo's Factory My Baby Left Me
14%
1972 Mardi Gras Need Someone to Hold
14%
1970 Pendulum Sailor's Lament
14%
1969 Green River The Night Time Is the Right Time
14%
1968 Creedence Clearwater Revival Walk on the Water
14%
1968 Creedence Clearwater Revival Get Down Woman
7%
1970 Pendulum It's Just a Thought
7%
1970 Pendulum Rude Awakening #2
7%
1969 Willy and the Poor Boys Side o' the Road
7%
1972 Mardi Gras Tearin' Up the Country
7%
1969 Green River Tombstone Shadow
7%
1970 Pendulum Born to Move
0%
1972 Mardi Gras Sail Away
0%
1972 Mardi Gras Take It Like a Friend
0%
1972 Mardi Gras What Are You Gonna Do
0%
No matching quizzes found
Score Distribution
Percent of People with Each Score
Percentile by Number Answered
Your Score History
You have not taken this quiz